000 00339 a2200157 4500
001 57138
020 _a8508072414
040 _cAnchieta - Pituba
100 _aBrezina, Thomas
240 1 0 _aNo templo do trovão
_lpor
245 1 0 _aNo templo do trovão
300 _a88
362 0 _a2002
650 4 _aLiteratura juvenil
942 _cBK
999 _c57138
_d57138